[Event "European Individual Chess Championship 2017"]
[Site "?"]
[Date "2017.06.08"]
[Round "9.81"]
[White "Apryshko, Gleb"]
[Black "Chigaev, Maksim"]
[Result "0-1"]
[BlackElo "2559"]
[WhiteElo "2368"]
[LiveChessVersion "1.4.8"]

1. b3 {[%clk 1:30:58]} g6 {[%clk 1:30:40]} 2. Bb2 {[%clk 1:31:20]} Nf6
{[%clk 1:31:05]} 3. g4 {[%clk 1:30:44]} Bg7 {[%clk 1:31:25]} 4. g5
{[%clk 1:31:13]} Nh5 {[%clk 1:31:46]} 5. Qc1 {[%clk 1:31:36]} e5 {[%clk 1:31:18]}
6. h4 {[%clk 1:30:58]} d5 {[%clk 1:30:56]} 7. e3 {[%clk 1:26:55]} Bg4
{[%clk 1:31:15]} 8. Bg2 {[%clk 1:22:07]} O-O {[%clk 1:30:15]} 9. c4
{[%clk 1:22:14]} d4 {[%clk 1:30:25]} 10. Bxb7 {[%clk 1:14:00]} Nd7
{[%clk 1:30:49]} 11. c5 {[%clk 1:13:20]} Rb8 {[%clk 1:30:22]} 12. Be4
{[%clk 1:09:55]} c6 {[%clk 1:29:35]} 13. Na3 {[%clk 1:09:06]} Qe7
{[%clk 1:25:14]} 14. Nc4 {[%clk 1:08:54]} Nxc5 {[%clk 1:21:00]} 15. Ba3
{[%clk 1:09:15]} f5 {[%clk 1:20:29]} 16. Bg2 {[%clk 0:50:53]} Nd3+
{[%clk 1:20:13]} 17. Kf1 {[%clk 0:51:22]} Qe6 {[%clk 1:20:12]} 18. Qc2
{[%clk 0:50:38]} e4 {[%clk 1:20:29]} 19. Bxf8 {[%clk 0:42:46]} Rxf8
{[%clk 1:20:53]} 20. Re1 {[%clk 0:42:21]} f4 {[%clk 1:16:39]} 21. exd4
{[%clk 0:41:13]} Ng3+ {[%clk 1:16:50]} 22. fxg3 {[%clk 0:41:34]} fxg3+
{[%clk 1:17:16]} 0-1

[Event "European Individual Chess Championship 2017"]
[Site "?"]
[Date "2017.06.08"]
[Round "9.82"]
[White "Birnboim, Nathan"]
[Black "Sturua, Zurab"]
[Result "0-1"]
[BlackElo "2555"]
[WhiteElo "2358"]
[LiveChessVersion "1.4.8"]

1. Nf3 {[%clk 1:30:54]} Nf6 {[%clk 1:30:20]} 2. c4 {[%clk 1:31:04]} e6
{[%clk 1:28:46]} 3. g3 {[%clk 1:31:21]} a6 {[%clk 1:28:08]} 4. Bg2
{[%clk 1:28:23]} b5 {[%clk 1:28:19]} 5. b3 {[%clk 1:26:27]} Bb7 {[%clk 1:28:02]}
6. O-O {[%clk 1:26:01]} Be7 {[%clk 1:28:19]} 7. d3 {[%clk 1:23:33]} c5
{[%clk 1:22:13]} 8. Na3 {[%clk 1:21:14]} Qb6 {[%clk 1:20:55]} 9. e4
{[%clk 0:59:54]} Nc6 {[%clk 1:17:44]} 10. e5 {[%clk 0:54:47]} Ng4
{[%clk 1:14:49]} 11. Re1 {[%clk 0:45:37]} f6 {[%clk 1:10:19]} 12. d4
{[%clk 0:28:21]} cxd4 {[%clk 1:03:46]} 13. exf6 {[%clk 0:28:06]} Nxf6
{[%clk 0:58:26]} 14. cxb5 {[%clk 0:27:49]} axb5 {[%clk 0:53:35]} 15. Nc2
{[%clk 0:27:16]} O-O {[%clk 0:50:11]} 16. Nfxd4 {[%clk 0:20:31]} Nxd4
{[%clk 0:48:59]} 17. Nxd4 {[%clk 0:20:19]} Bxg2 {[%clk 0:36:01]} 18. Kxg2
{[%clk 0:20:47]} Bb4 {[%clk 0:35:07]} 19. Re2 {[%clk 0:21:14]} Qb7+
{[%clk 0:33:15]} 20. f3 {[%clk 0:20:51]} Nd5 {[%clk 0:25:57]} 21. Qd3
{[%clk 0:20:46]} Bc3 {[%clk 0:22:02]} 22. Bb2 {[%clk 0:19:52]} Bxb2
{[%clk 0:22:05]} 23. Rxb2 {[%clk 0:20:19]} b4 {[%clk 0:22:28]} 24. Rd2
{[%clk 0:14:56]} Rac8 {[%clk 0:19:11]} 25. Re1 {[%clk 0:13:42]} Qb6
{[%clk 0:15:56]} 26. h4 {[%clk 0:10:35]} Rf4 {[%clk 0:12:33]} 27. Re4
{[%clk 0:09:21]} Rf6 {[%clk 0:08:11]} 28. Rc2 {[%clk 0:08:31]} Rff8
{[%clk 0:07:15]} 29. Ree2 {[%clk 0:07:32]} Qa7 {[%clk 0:04:03]} 30. Rc4
{[%clk 0:05:50]} Qa6 {[%clk 0:03:52]} 31. Qc2 {[%clk 0:04:49]} Nc3
{[%clk 0:03:14]} 32. Rxc8 {[%clk 0:04:07]} Rxc8 {[%clk 0:03:39]} 33. Rd2
{[%clk 0:04:35]} Nd5 {[%clk 0:03:24]} 34. Qe4 {[%clk 0:04:38]} Rc5
{[%clk 0:02:31]} 35. Qe2 {[%clk 0:03:51]} Qc8 {[%clk 0:02:27]} 36. Kf2
{[%clk 0:03:39]} Nc3 {[%clk 0:02:11]} 37. Qe3 {[%clk 0:03:45]} Rd5
{[%clk 0:02:08]} 38. Kg2 {[%clk 0:02:40]} Qc5 {[%clk 0:02:15]} 39. Qf2
{[%clk 0:01:44]} Qd6 {[%clk 0:02:16]} 40. Kh3 {[%clk 0:31:22]} e5 0-1

[Event "European Individual Chess Championship 2017"]
[Site "?"]
[Date "2017.06.08"]
[Round "9.83"]
[White "Tsoi, Dmitry"]
[Black "Shomoev, Anton"]
[Result "0-1"]
[BlackElo "2550"]
[WhiteElo "2305"]
[LiveChessVersion "1.4.8"]

1. e4 {[%clk 1:30:58]} c5 {[%clk 1:30:51]} 2. Nf3 {[%clk 1:31:24]} Nc6
{[%clk 1:31:16]} 3. d4 {[%clk 1:31:50]} cxd4 {[%clk 1:31:39]} 4. Nxd4
{[%clk 1:32:17]} Nf6 {[%clk 1:32:03]} 5. Nc3 {[%clk 1:32:45]} e5 {[%clk 1:32:26]}
6. Ndb5 {[%clk 1:33:12]} d6 {[%clk 1:32:51]} 7. Bg5 {[%clk 1:33:38]} a6
{[%clk 1:33:19]} 8. Na3 {[%clk 1:34:04]} b5 {[%clk 1:33:46]} 9. Nd5
{[%clk 1:34:29]} Be7 {[%clk 1:34:11]} 10. Bxf6 {[%clk 1:34:56]} Bxf6
{[%clk 1:34:37]} 11. c4 {[%clk 1:35:18]} Nd4 {[%clk 1:35:00]} 12. cxb5
{[%clk 1:33:12]} Bb7 {[%clk 1:35:04]} 13. Bc4 {[%clk 1:31:18]} axb5
{[%clk 1:35:24]} 14. Bxb5+ {[%clk 1:25:48]} Kf8 {[%clk 1:35:46]} 15. O-O
{[%clk 1:22:06]} Bxd5 {[%clk 1:35:36]} 16. exd5 {[%clk 1:22:27]} Rxa3
{[%clk 1:35:56]} 17. bxa3 {[%clk 1:22:27]} Nxb5 {[%clk 1:36:22]} 18. Qa4
{[%clk 1:11:49]} Nd4 {[%clk 1:35:41]} 19. Rab1 {[%clk 1:08:28]} g6
{[%clk 1:11:17]} 20. Rb7 {[%clk 1:08:17]} Kg7 {[%clk 1:10:56]} 21. Qd7
{[%clk 1:07:50]} Rf8 {[%clk 1:05:26]} 22. Qxd8 {[%clk 1:05:37]} Ne2+
{[%clk 1:01:18]} 23. Kh1 {[%clk 1:06:03]} Rxd8 {[%clk 1:01:45]} 24. Rfb1
{[%clk 1:05:15]} Nc3 {[%clk 1:01:33]} 25. R1b3 {[%clk 1:03:47]} e4
{[%clk 0:57:03]} 26. Rb8 {[%clk 1:00:50]} Rxb8 {[%clk 0:49:44]} 27. Rxb8
{[%clk 1:01:02]} Bd4 {[%clk 0:50:06]} 28. Kg1 {[%clk 0:53:08]} Kf6
{[%clk 0:48:03]} 29. a4 {[%clk 0:50:08]} Nxa4 {[%clk 0:46:47]} 30. Rb4
{[%clk 0:49:46]} Nc3 {[%clk 0:47:10]} 31. a4 {[%clk 0:49:53]} Bc5
{[%clk 0:41:46]} 32. Rc4 {[%clk 0:49:39]} e3 {[%clk 0:41:27]} 33. fxe3
{[%clk 0:44:26]} Nxd5 {[%clk 0:41:51]} 34. Kf2 {[%clk 0:42:12]} Bxe3+
{[%clk 0:37:04]} 35. Kf3 {[%clk 0:42:36]} Bb6 {[%clk 0:37:26]} 36. Rc8
{[%clk 0:39:49]} h5 {[%clk 0:32:57]} 37. g3 {[%clk 0:38:17]} Ke6 {[%clk 0:32:09]}
38. Ke4 {[%clk 0:37:17]} Kd7 {[%clk 0:28:43]} 39. Ra8 {[%clk 0:37:19]} Kc6
{[%clk 0:21:27]} 40. Rc8+ {[%clk 0:59:52]} Nc7 {[%clk 0:45:18]} 41. Kd3
{[%clk 0:55:25]} Kd7 {[%clk 0:42:29]} 42. Rf8 {[%clk 0:51:16]} Ke7
{[%clk 0:40:24]} 43. Rb8 {[%clk 0:50:39]} Bg1 {[%clk 0:34:50]} 44. h3
{[%clk 0:49:40]} Bf2 {[%clk 0:32:56]} 45. g4 {[%clk 0:49:37]} hxg4
{[%clk 0:33:22]} 46. hxg4 {[%clk 0:50:06]} Bc5 {[%clk 0:33:18]} 47. Rc8
{[%clk 0:45:20]} Ne6 {[%clk 0:31:12]} 48. Kc4 {[%clk 0:42:12]} Kd7
{[%clk 0:31:32]} 49. Rh8 {[%clk 0:41:20]} Kc6 {[%clk 0:31:44]} 50. Rc8+
{[%clk 0:36:50]} Nc7 {[%clk 0:29:34]} 51. Kb3 {[%clk 0:36:08]} d5
{[%clk 0:29:03]} 52. a5 {[%clk 0:36:25]} Be3 {[%clk 0:25:45]} 53. Rf8
{[%clk 0:35:15]} Kb5 {[%clk 0:16:59]} 54. Rxf7 {[%clk 0:34:55]} Na6
{[%clk 0:17:18]} 55. Re7 {[%clk 0:17:49]} Nc5+ {[%clk 0:09:38]} 56. Kc2
{[%clk 0:17:38]} d4 {[%clk 0:10:01]} 57. Re5 {[%clk 0:17:41]} g5 {[%clk 0:03:38]}
58. Kd1 {[%clk 0:07:32]} Kc4 {[%clk 0:03:11]} 59. Re8 {[%clk 0:07:36]} Bf4
{[%clk 0:03:22]} 60. Rf8 {[%clk 0:06:33]} d3 {[%clk 0:03:22]} 61. Rd8
{[%clk 0:03:58]} Kb5 {[%clk 0:02:53]} 62. Rd5 {[%clk 0:03:19]} Kc4
{[%clk 0:01:36]} 63. Rd8 {[%clk 0:03:37]} d2 {[%clk 0:01:20]} 64. Kc2
{[%clk 0:02:23]} Kb5 {[%clk 0:01:19]} 65. Rd5 {[%clk 0:02:13]} Kc6
{[%clk 0:01:47]} 66. Rd4 {[%clk 0:01:04]} Be3 {[%clk 0:01:06]} 67. Rc4
{[%clk 0:00:34]} Kb5 {[%clk 0:00:48]} 68. Rc3 {[%clk 0:00:45]} Bf4
{[%clk 0:01:14]} 69. Ra3 {[%clk 0:00:59]} Ka6 {[%clk 0:01:37]} 70. Rf3
{[%clk 0:00:31]} Ne4 {[%clk 0:01:07]} 71. Rf1 {[%clk 0:00:41]} Kxa5
{[%clk 0:01:27]} 72. Rf3 {[%clk 0:00:44]} Kb4 {[%clk 0:01:48]} 73. Rf1
{[%clk 0:01:06]} Nc3 {[%clk 0:02:01]} 74. Rxf4+ {[%clk 0:01:33]} gxf4
{[%clk 0:02:27]} 75. Kxd2 {[%clk 0:02:01]} Ne4+ {[%clk 0:02:52]} 0-1

[Event "European Individual Chess Championship 2017"]
[Site "?"]
[Date "2017.06.08"]
[Round "9.84"]
[White "Petrosyan, Manuel"]
[Black "Zarubitski, Viachaslau"]
[Result "1-0"]
[BlackElo "2325"]
[WhiteElo "2546"]
[LiveChessVersion "1.4.8"]

1. d4 {[%clk 1:30:48]} d5 {[%clk 1:30:53]} 2. Bf4 {[%clk 1:31:02]} Nf6
{[%clk 1:31:07]} 3. e3 {[%clk 1:31:10]} c5 {[%clk 1:30:04]} 4. c3
{[%clk 1:28:45]} Nc6 {[%clk 1:28:16]} 5. Nd2 {[%clk 1:27:34]} e6 {[%clk 1:27:43]}
6. Ngf3 {[%clk 1:26:36]} Bd6 {[%clk 1:27:56]} 7. Bg3 {[%clk 1:26:03]} O-O
{[%clk 1:26:15]} 8. Bb5 {[%clk 1:25:56]} a6 {[%clk 1:25:12]} 9. Bd3
{[%clk 1:26:16]} Qe7 {[%clk 1:20:06]} 10. Ne5 {[%clk 1:17:57]} Nd7
{[%clk 1:11:58]} 11. Nxd7 {[%clk 1:16:12]} Bxd7 {[%clk 1:09:30]} 12. Bxd6
{[%clk 1:12:57]} Qxd6 {[%clk 1:08:32]} 13. dxc5 {[%clk 1:10:11]} Qe7
{[%clk 0:44:53]} 14. O-O {[%clk 0:57:01]} e5 {[%clk 0:43:30]} 15. b4
{[%clk 0:43:35]} Rad8 {[%clk 0:36:21]} 16. a3 {[%clk 0:41:22]} e4
{[%clk 0:32:59]} 17. Be2 {[%clk 0:38:03]} Qg5 {[%clk 0:32:13]} 18. Kh1
{[%clk 0:36:14]} Ne5 {[%clk 0:32:11]} 19. Qc2 {[%clk 0:29:28]} Rfe8
{[%clk 0:29:52]} 20. c4 {[%clk 0:19:25]} Bg4 {[%clk 0:27:42]} 21. Bxg4
{[%clk 0:15:49]} Nxg4 {[%clk 0:26:36]} 22. h3 {[%clk 0:15:16]} Qh4
{[%clk 0:18:50]} 23. Kg1 {[%clk 0:15:29]} Nf6 {[%clk 0:17:20]} 24. Rfd1
{[%clk 0:11:36]} Re5 {[%clk 0:12:09]} 25. cxd5 {[%clk 0:11:49]} Rg5
{[%clk 0:10:21]} 26. f4 {[%clk 0:10:43]} Rgxd5 {[%clk 0:08:31]} 27. Nc4
{[%clk 0:10:35]} g5 {[%clk 0:06:53]} 28. fxg5 {[%clk 0:06:46]} Qxg5
{[%clk 0:07:22]} 29. Rxd5 {[%clk 0:06:46]} Rxd5 {[%clk 0:07:48]} 30. Rf1
{[%clk 0:05:54]} Rd3 {[%clk 0:07:15]} 31. Qf2 {[%clk 0:06:09]} Kg7
{[%clk 0:07:02]} 32. h4 {[%clk 0:05:40]} Qh6 {[%clk 0:06:47]} 33. Nd6
{[%clk 0:05:42]} 1-0

[Event "European Individual Chess Championship 2017"]
[Site "?"]
[Date "2017.06.08"]
[Round "9.85"]
[White "Stremavicius, Titas"]
[Black "Smirin, Ilia"]
[Result "1-0"]
[BlackElo "2676"]
[WhiteElo "2448"]
[LiveChessVersion "1.4.8"]

1. d4 {[%clk 1:30:57]} Nf6 {[%clk 1:30:48]} 2. c4 {[%clk 1:31:19]} g6
{[%clk 1:30:47]} 3. Nc3 {[%clk 1:31:41]} Bg7 {[%clk 1:31:14]} 4. e4
{[%clk 1:32:03]} d6 {[%clk 1:31:41]} 5. Nf3 {[%clk 1:32:17]} O-O {[%clk 1:31:44]}
6. Be2 {[%clk 1:32:24]} e5 {[%clk 1:31:25]} 7. dxe5 {[%clk 1:32:35]} dxe5
{[%clk 1:31:49]} 8. Qxd8 {[%clk 1:32:59]} Rxd8 {[%clk 1:32:11]} 9. Bg5
{[%clk 1:33:21]} Re8 {[%clk 1:29:27]} 10. Nd5 {[%clk 1:33:28]} Nxd5
{[%clk 1:29:48]} 11. cxd5 {[%clk 1:33:55]} c6 {[%clk 1:29:46]} 12. Bc4
{[%clk 1:34:06]} cxd5 {[%clk 1:29:11]} 13. Bxd5 {[%clk 1:34:25]} Na6
{[%clk 1:29:36]} 14. O-O-O {[%clk 1:32:53]} Nc7 {[%clk 1:27:15]} 15. Bb3
{[%clk 1:27:05]} Be6 {[%clk 1:27:27]} 16. Nd2 {[%clk 1:15:10]} a5
{[%clk 1:20:30]} 17. Kb1 {[%clk 1:07:39]} a4 {[%clk 1:20:33]} 18. Bc4
{[%clk 1:06:20]} b5 {[%clk 1:06:47]} 19. Be2 {[%clk 1:06:11]} Reb8
{[%clk 1:07:12]} 20. Rc1 {[%clk 0:55:43]} Rb7 {[%clk 1:05:50]} 21. Ka1
{[%clk 0:53:48]} f5 {[%clk 0:56:22]} 22. f3 {[%clk 0:53:54]} Bf7 {[%clk 0:56:35]}
23. Rhd1 {[%clk 0:44:01]} a3 {[%clk 0:45:41]} 24. b3 {[%clk 0:43:49]} Ne6
{[%clk 0:45:45]} 25. Be3 {[%clk 0:43:37]} Rd8 {[%clk 0:44:07]} 26. Nb1
{[%clk 0:40:34]} Nd4 {[%clk 0:43:08]} 27. Nc3 {[%clk 0:32:01]} Bf6
{[%clk 0:16:20]} 28. Bxb5 {[%clk 0:20:16]} f4 {[%clk 0:16:16]} 29. Bxd4
{[%clk 0:18:32]} Rxd4 {[%clk 0:06:25]} 30. Kb1 {[%clk 0:14:44]} Rxd1
{[%clk 0:03:46]} 31. Rxd1 {[%clk 0:15:11]} Kf8 {[%clk 0:03:47]} 32. Rd7
{[%clk 0:08:26]} Rb8 {[%clk 0:03:17]} 33. Ra7 {[%clk 0:03:58]} Be7
{[%clk 0:03:30]} 34. Bc6 {[%clk 0:03:45]} Bc4 {[%clk 0:02:14]} 35. Nd5
{[%clk 0:03:41]} Bxd5 {[%clk 0:01:06]} 36. exd5 {[%clk 0:01:42]} h5
{[%clk 0:01:34]} 37. Kc2 {[%clk 0:01:48]} Bc5 {[%clk 0:01:45]} 38. Rd7
{[%clk 0:01:17]} Rb4 {[%clk 0:01:46]} 39. Rd8+ {[%clk 0:01:27]} Kg7
{[%clk 0:01:03]} 40. d6 {[%clk 0:30:41]} Rd4 {[%clk 0:30:38]} 41. d7
{[%clk 0:31:01]} Kf6 {[%clk 0:30:41]} 42. Rc8 {[%clk 0:12:32]} Be7
{[%clk 0:30:57]} 43. b4 {[%clk 0:10:38]} Rxb4 {[%clk 0:30:53]} 44. Bd5
{[%clk 0:10:39]} Rb2+ {[%clk 0:26:32]} 45. Kd3 {[%clk 0:10:54]} Rxg2
{[%clk 0:26:32]} 46. h4 {[%clk 0:11:09]} e4+ {[%clk 0:24:52]} 47. fxe4
{[%clk 0:09:52]} Rh2 {[%clk 0:22:39]} 48. Re8 {[%clk 0:09:15]} 1-0

[Event "European Individual Chess Championship 2017"]
[Site "?"]
[Date "2017.06.08"]
[Round "9.86"]
[White "Solak, Dragan"]
[Black "Kanmazalp, Ogulcan"]
[Result "1-0"]
[BlackElo "2447"]
[WhiteElo "2641"]
[LiveChessVersion "1.4.8"]

1. e4 {[%clk 1:30:57]} e5 {[%clk 1:30:50]} 2. Nf3 {[%clk 1:30:41]} Nc6
{[%clk 1:31:10]} 3. Bb5 {[%clk 1:31:06]} a6 {[%clk 1:31:30]} 4. Bxc6
{[%clk 1:31:30]} dxc6 {[%clk 1:31:50]} 5. O-O {[%clk 1:30:48]} Bg4
{[%clk 1:31:53]} 6. h3 {[%clk 1:31:12]} h5 {[%clk 1:32:10]} 7. d3
{[%clk 1:31:30]} Qf6 {[%clk 1:32:23]} 8. Be3 {[%clk 1:30:47]} Bxf3
{[%clk 1:31:06]} 9. Qxf3 {[%clk 1:31:12]} Qxf3 {[%clk 1:31:25]} 10. gxf3
{[%clk 1:31:38]} Bd6 {[%clk 1:27:29]} 11. Nd2 {[%clk 1:32:03]} Ne7
{[%clk 1:26:01]} 12. Rfb1 {[%clk 1:32:19]} Ng6 {[%clk 1:23:26]} 13. Kf1
{[%clk 1:32:15]} f6 {[%clk 1:16:51]} 14. b4 {[%clk 1:24:29]} O-O-O
{[%clk 1:14:24]} 15. a4 {[%clk 1:21:50]} b6 {[%clk 1:14:21]} 16. Nc4
{[%clk 1:16:21]} Kb7 {[%clk 1:05:49]} 17. c3 {[%clk 1:05:45]} Nh4
{[%clk 1:01:14]} 18. Ke2 {[%clk 1:04:50]} g5 {[%clk 1:00:41]} 19. Rd1
{[%clk 0:48:43]} Ng6 {[%clk 1:00:05]} 20. d4 {[%clk 0:48:40]} Be7
{[%clk 0:49:17]} 21. dxe5 {[%clk 0:43:46]} Nxe5 {[%clk 0:49:15]} 22. Rxd8
{[%clk 0:39:43]} Rxd8 {[%clk 0:46:56]} 23. Nxe5 {[%clk 0:38:02]} fxe5
{[%clk 0:47:20]} 24. Rg1 {[%clk 0:38:17]} Rg8 {[%clk 0:37:57]} 25. h4
{[%clk 0:38:09]} g4 {[%clk 0:37:21]} 26. fxg4 {[%clk 0:38:24]} hxg4
{[%clk 0:35:49]} 27. Bg5 {[%clk 0:32:10]} 1-0

[Event "European Individual Chess Championship 2017"]
[Site "?"]
[Date "2017.06.08"]
[Round "9.87"]
[White "Kjartansson, Gudmundur"]
[Black "Oleksiyenko, Mykhaylo"]
[Result "1/2-1/2"]
[BlackElo "2636"]
[WhiteElo "2437"]
[LiveChessVersion "1.4.8"]

1. Nf3 {[%clk 1:30:50]} d5 {[%clk 1:30:56]} 2. g3 {[%clk 1:31:02]} c6
{[%clk 1:30:21]} 3. Bg2 {[%clk 1:30:46]} Bg4 {[%clk 1:30:31]} 4. O-O
{[%clk 1:30:01]} Nd7 {[%clk 1:30:51]} 5. d3 {[%clk 1:29:18]} e5 {[%clk 1:28:18]}
6. e4 {[%clk 1:28:08]} dxe4 {[%clk 1:28:13]} 7. dxe4 {[%clk 1:28:31]} Ngf6
{[%clk 1:28:39]} 8. h3 {[%clk 1:27:55]} Bh5 {[%clk 1:29:01]} 9. Qe2
{[%clk 1:27:32]} Bc5 {[%clk 1:28:32]} 10. a4 {[%clk 1:24:08]} a5 {[%clk 1:25:48]}
11. Na3 {[%clk 1:19:57]} O-O {[%clk 1:25:56]} 12. Bd2 {[%clk 1:18:29]} Bxa3
{[%clk 1:21:57]} 13. Rxa3 {[%clk 1:18:22]} Nc5 {[%clk 1:22:23]} 14. g4
{[%clk 1:14:41]} Bg6 {[%clk 1:20:20]} 15. Nxe5 {[%clk 0:58:33]} Bxe4
{[%clk 1:19:11]} 16. f3 {[%clk 0:37:51]} Qd4+ {[%clk 1:08:38]} 17. Qe3
{[%clk 0:35:37]} Qxe5 {[%clk 1:08:15]} 18. fxe4 {[%clk 0:34:07]} Nfd7
{[%clk 1:01:26]} 19. Rf5 {[%clk 0:30:00]} Qe7 {[%clk 0:52:33]} 20. b4
{[%clk 0:29:06]} Ne6 {[%clk 0:51:13]} 21. Rxa5 {[%clk 0:23:48]} Rxa5
{[%clk 0:51:27]} 22. bxa5 {[%clk 0:24:14]} Ne5 {[%clk 0:51:49]} 23. Rb3
{[%clk 0:12:39]} Nc4 {[%clk 0:44:53]} 24. Qf2 {[%clk 0:11:46]} Nxd2
{[%clk 0:43:33]} 25. Qxd2 {[%clk 0:12:10]} Rd8 {[%clk 0:43:42]} 26. Qf2
{[%clk 0:01:59]} Rd1+ {[%clk 0:40:42]} 27. Bf1 {[%clk 0:01:50]} g5
{[%clk 0:38:01]} 28. Rd3 {[%clk 0:00:37]} Ra1 {[%clk 0:38:07]} 29. Qf5
{[%clk 0:00:32]} Rxa4 {[%clk 0:33:52]} 30. Qe5 {[%clk 0:00:33]} h6
{[%clk 0:29:33]} 31. Rd2 {[%clk 0:00:33]} Qc5+ {[%clk 0:27:00]} 32. Qxc5
{[%clk 0:00:58]} Nxc5 {[%clk 0:27:28]} 33. a6 {[%clk 0:00:43]} Nxa6
{[%clk 0:26:58]} 34. Bxa6 {[%clk 0:01:02]} bxa6 {[%clk 0:25:46]} 35. e5
{[%clk 0:00:38]} Kf8 {[%clk 0:19:30]} 36. Rd6 {[%clk 0:00:32]} Rc4
{[%clk 0:19:48]} 37. Rxh6 {[%clk 0:00:41]} Rxc2 {[%clk 0:10:21]} 38. e6
{[%clk 0:00:41]} Ke7 {[%clk 0:06:54]} 39. exf7 {[%clk 0:00:43]} Kxf7
{[%clk 0:07:21]} 40. h4 {[%clk 0:30:35]} a5 {[%clk 0:32:06]} 41. hxg5
{[%clk 0:30:08]} a4 {[%clk 0:13:43]} 42. Rh7+ {[%clk 0:29:18]} Kg8
{[%clk 0:13:56]} 43. Ra7 {[%clk 0:29:20]} Ra2 {[%clk 0:14:22]} 44. Kf1
{[%clk 0:27:55]} a3 {[%clk 0:11:01]} 45. Ke1 {[%clk 0:27:12]} c5 {[%clk 0:11:29]}
46. Kd1 {[%clk 0:27:32]} c4 {[%clk 0:11:57]} 47. Kc1 {[%clk 0:27:26]} c3
{[%clk 0:11:55]} 48. g6 {[%clk 0:27:07]} Kf8 {[%clk 0:11:00]} 1/2-1/2

[Event "European Individual Chess Championship 2017"]
[Site "?"]
[Date "2017.06.08"]
[Round "9.88"]
[White "Kobalia, Mikhail"]
[Black "Asadli, Vugar"]
[Result "1-0"]
[BlackElo "2439"]
[WhiteElo "2624"]
[LiveChessVersion "1.4.8"]

1. e4 {[%clk 1:30:57]} e5 {[%clk 1:30:56]} 2. Nf3 {[%clk 1:31:22]} Nc6
{[%clk 1:31:16]} 3. Bb5 {[%clk 1:31:44]} a6 {[%clk 1:31:37]} 4. Ba4
{[%clk 1:32:09]} Nf6 {[%clk 1:32:02]} 5. O-O {[%clk 1:32:34]} Be7
{[%clk 1:32:25]} 6. Re1 {[%clk 1:31:46]} b5 {[%clk 1:32:50]} 7. Bb3
{[%clk 1:32:12]} O-O {[%clk 1:32:04]} 8. a4 {[%clk 1:29:26]} b4 {[%clk 1:31:30]}
9. d4 {[%clk 1:28:32]} d6 {[%clk 1:31:13]} 10. dxe5 {[%clk 1:28:34]} dxe5
{[%clk 1:31:07]} 11. Nbd2 {[%clk 1:28:48]} Bc5 {[%clk 1:31:21]} 12. Qe2
{[%clk 1:28:23]} Qd6 {[%clk 1:29:32]} 13. Nc4 {[%clk 1:24:28]} Qe7
{[%clk 1:29:57]} 14. Ne3 {[%clk 1:04:10]} Nd4 {[%clk 1:26:15]} 15. Nxd4
{[%clk 1:04:35]} Bxd4 {[%clk 1:26:12]} 16. Qf3 {[%clk 1:02:06]} a5
{[%clk 1:14:43]} 17. Rb1 {[%clk 1:00:26]} Ra6 {[%clk 1:12:46]} 18. Nf5
{[%clk 0:56:17]} Bxf5 {[%clk 1:12:21]} 19. Qxf5 {[%clk 0:56:42]} Qd7
{[%clk 1:06:21]} 20. Be3 {[%clk 0:48:45]} Bxe3 {[%clk 0:58:32]} 21. Rxe3
{[%clk 0:48:30]} Rd6 {[%clk 0:57:37]} 22. h3 {[%clk 0:46:40]} Re8
{[%clk 0:54:54]} 23. c3 {[%clk 0:44:12]} Rd2 {[%clk 0:43:16]} 24. cxb4
{[%clk 0:41:51]} axb4 {[%clk 0:43:19]} 25. Qxd7 {[%clk 0:41:19]} Nxd7
{[%clk 0:43:44]} 26. Rc1 {[%clk 0:41:21]} c5 {[%clk 0:43:08]} 27. Bc4
{[%clk 0:40:21]} Rxb2 {[%clk 0:39:38]} 28. Bb5 {[%clk 0:39:52]} Re7
{[%clk 0:37:17]} 29. Rd3 {[%clk 0:39:34]} Nf8 {[%clk 0:33:46]} 30. Rxc5
{[%clk 0:39:58]} g6 {[%clk 0:33:30]} 31. Bc4 {[%clk 0:38:40]} Kg7
{[%clk 0:29:04]} 32. Rb3 {[%clk 0:37:48]} Rc2 {[%clk 0:24:05]} 33. Rxb4
{[%clk 0:37:46]} Rd7 {[%clk 0:24:34]} 34. Rd5 {[%clk 0:33:18]} Rc7
{[%clk 0:24:26]} 35. Bd3 {[%clk 0:28:47]} Ra2 {[%clk 0:21:54]} 36. g3
{[%clk 0:27:02]} Nd7 {[%clk 0:19:43]} 37. Bc4 {[%clk 0:20:07]} Rc2
{[%clk 0:18:32]} 38. Bb5 {[%clk 0:19:37]} Nf6 {[%clk 0:17:33]} 39. Rxe5
{[%clk 0:18:22]} Ra2 {[%clk 0:17:59]} 40. Rb3 {[%clk 0:45:43]} Rc1+
{[%clk 0:43:22]} 41. Kg2 {[%clk 0:46:04]} Re1 {[%clk 0:43:48]} 42. Rf3
{[%clk 0:41:03]} Raa1 {[%clk 0:43:17]} 43. Re3 {[%clk 0:39:13]} Rg1+
{[%clk 0:42:18]} 44. Kf3 {[%clk 0:39:38]} h5 {[%clk 0:42:46]} 45. Rc5
{[%clk 0:36:01]} h4 {[%clk 0:42:46]} 46. e5 {[%clk 0:22:02]} Nh7 {[%clk 0:43:07]}
47. Kg4 {[%clk 0:19:03]} hxg3 {[%clk 0:42:57]} 48. fxg3 {[%clk 0:19:08]} Nf8
{[%clk 0:43:23]} 49. Rc4 {[%clk 0:16:58]} Rgd1 {[%clk 0:43:06]} 50. Rf3
{[%clk 0:13:35]} Ne6 {[%clk 0:42:23]} 51. Be8 {[%clk 0:13:19]} Nd8
{[%clk 0:41:52]} 52. h4 {[%clk 0:13:08]} Re1 {[%clk 0:41:56]} 53. Rd4
{[%clk 0:09:22]} Ne6 {[%clk 0:41:45]} 54. Rxf7+ {[%clk 0:09:32]} Kg8
{[%clk 0:42:09]} 55. Rd6 {[%clk 0:07:34]} Rxe5 {[%clk 0:42:36]} 56. Rf6
{[%clk 0:07:21]} Re4+ {[%clk 0:42:35]} 57. Kf3 {[%clk 0:07:06]} Ng5+
{[%clk 0:43:01]} 58. hxg5 {[%clk 0:07:32]} Rxe8 {[%clk 0:43:29]} 59. Rxg6+
{[%clk 0:07:56]} Kh7 {[%clk 0:43:54]} 60. Rh6+ {[%clk 0:08:21]} Kg7
{[%clk 0:44:20]} 61. Rd7+ {[%clk 0:07:56]} Kg8 {[%clk 0:44:46]} 62. Rg6+
{[%clk 0:08:17]} Kf8 {[%clk 0:45:15]} 63. Rf6+ {[%clk 0:08:37]} Kg8
{[%clk 0:45:43]} 64. Ra7 {[%clk 0:08:07]} Rae1 {[%clk 0:45:38]} 65. Kg4
{[%clk 0:07:42]} 1-0